El Proceso de Urbanización en el Ecuador (del siglo XVIII al siglo XX): antología /

Gardado en:
Detalles Bibliográficos
Autor Principal: Carrión, Fernando
Outros autores: comp
Formato: Texto
Publicado: Quito: Conejo
Etiquetas: Engadir etiqueta
Sen Etiquetas, Sexa o primeiro en etiquetar este rexistro!

MARC

LEADER 00000 a a2200000 04500
001 23615
003
040
090 |a 164000  
100 |a Carrión, Fernando  
245 |a El Proceso de Urbanización en el Ecuador (del siglo XVIII al siglo XX): antología /  |c Fernando Carrión 
260 |a Quito:   |b Conejo  
300 |a 299 p   |b **no definido**   |b il.   |b map.  
700 |a comp  
999 |c 13916  |d 13916